Statistics for Football clubs of French-language countries (deux)

Click here to take the quiz!

General Stats

  • This quiz has been taken 11 times
  • The average score is 6 of 20

Answer Stats

Football teamCountry% Correct
Najm de MarrakechMorocco
100%
Jeunesse Club AbidjanIvory Coast
80%
Jeunes TahitiensTahiti
80%
BouloumpoukouBurkina Faso
60%
Union DoualaCameroon
60%
Olympic Real de BanguiCentral African Republic
60%
ES Hammam-SousseTunisia
60%
Foullah EdificeChad
20%
Kartileh-Al GamilDjibouti
20%
ASC Black StarsFrench Guiana
20%
Club Industriel de KamsarGuinea
20%
Hienghène SportNew Caledonia
20%
Saint PierraiseSaint Pierre and Miquelon
20%
HFX WanderersCanada
0%
Real RebolaEquatorial Guinea
0%
JS Vieux-HabitantsGuadeloupe
0%
FitarikandroMadagascar
0%
ColonialMartinique
0%
Pamplemousses SCMauritius
0%
Pango Green BirdVanuatu
0%

Score Distribution

Percentile by Number Answered

Percent of People with Each Score

Your Score History

You have not taken this quiz